<?xml version="1.0" encoding="UTF-8"?>
<record
    xmlns:xsi="http://www.w3.org/2001/XMLSchema-instance"
    xsi:schemaLocation="http://www.loc.gov/MARC21/slim http://www.loc.gov/standards/marcxml/schema/MARC21slim.xsd"
    xmlns="http://www.loc.gov/MARC21/slim">

  <leader>00600nam a2200205 a 4500</leader>
  <controlfield tag="001">BRCA_1960</controlfield>
  <controlfield tag="005">20190320203622.0</controlfield>
  <controlfield tag="008">000000s2000    sp-#---###---#000-0#spa-u</controlfield>
  <datafield tag="020" ind1=" " ind2=" ">
    <subfield code="a">8449415136</subfield>
  </datafield>
  <datafield tag="050" ind1=" " ind2="4">
    <subfield code="a">PC4640</subfield>
    <subfield code="b">.D53 2000</subfield>
  </datafield>
  <datafield tag="245" ind1="1" ind2="0">
    <subfield code="a">Diccionario espa&#xF1;ol-ingl&#xE9;s.</subfield>
  </datafield>
  <datafield tag="260" ind1=" " ind2=" ">
    <subfield code="a">Barcelona</subfield>
    <subfield code="b">Oceano Grupo Editorial</subfield>
    <subfield code="c">2000</subfield>
  </datafield>
  <datafield tag="300" ind1=" " ind2=" ">
    <subfield code="a">277 p.</subfield>
    <subfield code="c">15 cm.</subfield>
  </datafield>
  <datafield tag="440" ind1=" " ind2="0">
    <subfield code="a">Nuevo Equipo Did&#xE1;ctico Oceano</subfield>
    <subfield code="9">6017</subfield>
  </datafield>
  <datafield tag="500" ind1=" " ind2=" ">
    <subfield code="a">Incluye gram&#xE1;tica espa&#xF1;ola</subfield>
  </datafield>
  <datafield tag="650" ind1="1" ind2="4">
    <subfield code="a">Espa&#xF1;ol</subfield>
    <subfield code="v">Diccionarios</subfield>
    <subfield code="x">Ingl&#xE9;s</subfield>
    <subfield code="9">5934</subfield>
  </datafield>
  <datafield tag="650" ind1="1" ind2="4">
    <subfield code="a">Ingl&#xE9;s</subfield>
    <subfield code="v">Diccionarios</subfield>
    <subfield code="x">Espa&#xF1;ol</subfield>
    <subfield code="9">5933</subfield>
  </datafield>
  <datafield tag="902" ind1=" " ind2=" ">
    <subfield code="a">REF</subfield>
  </datafield>
  <datafield tag="942" ind1=" " ind2=" ">
    <subfield code="2">lcc</subfield>
    <subfield code="c">B</subfield>
  </datafield>
  <datafield tag="999" ind1=" " ind2=" ">
    <subfield code="c">1730</subfield>
    <subfield code="d">1730</subfield>
  </datafield>
  <datafield tag="952" ind1=" " ind2=" ">
    <subfield code="0">0</subfield>
    <subfield code="1">0</subfield>
    <subfield code="4">0</subfield>
    <subfield code="7">0</subfield>
    <subfield code="a">BRCA</subfield>
    <subfield code="b">BRCA</subfield>
    <subfield code="d">2008-07-30</subfield>
    <subfield code="l">0</subfield>
    <subfield code="o">PC4640 .D53 2000</subfield>
    <subfield code="p">REF00109</subfield>
    <subfield code="r">2019-03-22 00:00:00</subfield>
    <subfield code="w">2019-03-22</subfield>
    <subfield code="y">B</subfield>
  </datafield>
</record>
